00980nam0a22002291 4500001001100000005001700011021001900028035002600047100004100073101000800114102000700122105001800129200029200147210004000439215002300479320005300502606007200555700006400627801001800691801002200709852001900731rc\317492120250530090747.0 aRUb[76-18746] a(NLR Aleph) 007330248 a20120615d1976 |||y0rusy50 ca0 arus aRU aa z |||||1 aТеория инженерной специализацииeОрг.-технол. проектирование инж. деятельности и систем подгот. и повышения квалификации инженеров-строителейfГ.Л. Таукач aКиевcВища школаd1976 a126 с.cил.d21 aСписок лит.: с. 122-125 (71 назв.) aИнженеры и техники строительства2psbo 1aТаукачbГ.Л.gГеоргий Леонидович 0aRUbNLRgpsbo 1aRUbELAR2rusmarc aNLRj76-5/2629